Countries with the Most Folk/Traditional Religion - Statistics

General Stats
  • This quiz has been taken 364 times
  • The average score is 8 of 20
Answer Stats
Rank Country % % Correct
7. China 21.9
85%
1. Vietnam 45.3
69%
5. Laos 30.7
62%
18. Myanmar 5.8
55%
3. Togo 35.6
48%
8. Benin 18.0
45%
2. Taiwan 44.2
45%
14. Mozambique 7.4
44%
10. Burkina Faso 15.4
38%
12. Cote D'Ivoire 10.2
37%
17. Gabon 6.0
37%
11. North Korea 12.3
37%
6. Guinea-Bissau 28.0
36%
16. Botswana 6.0
33%
19. Burundi 5.7
33%
4. South Sudan 32.9
33%
15. Brunei 6.2
22%
13. Nauru 8.1
21%
9. Cuba 17.4
17%
20. Suriname 5.3
16%
No matching quizzes found
Score Distribution
Percent of People with Each Score
Percentile by Number Answered
Your Score History
You have not taken this quiz